|
|
|
|
| LEADER |
01383nam a2200301 a 4500 |
| 001 |
12848370 |
| 003 |
BD-DhAAL |
| 008 |
120801s2003 enkab b 001 0 eng d |
| 010 |
|
|
|a 2002010744
|
| 020 |
|
|
|a 041527379X (hbk.)
|
| 040 |
|
|
|a DLC
|c DLC
|d C#P
|d UKM
|d UNA
|d BAKER
|d NLGGC
|d DLC
|d BD-DhAAL
|
| 082 |
0 |
0 |
|a 363.73874525
|2 21
|
| 100 |
1 |
|
|a Bulkeley, Harriet,
|d 1972-
|9 30547
|
| 245 |
1 |
0 |
|a Cities and climate change :
|b urban sustainability and global environmental governance /
|c Harriet Bulkeley and Michele M. Betsill.
|
| 260 |
|
|
|a London ;
|a New York :
|b Routledge,
|c c2003.
|
| 300 |
|
|
|a xii, 237 pages :
|b ill., maps ;
|c 24 cm.
|
| 490 |
1 |
|
|a Routledge studies in physical geography and environment ;
|v 4
|
| 504 |
|
|
|a Includes bibliographical references (p. [207]-227) and index.
|
| 541 |
|
|
|e 00025791
|
| 650 |
|
0 |
|a Climatic changes
|x Environmental aspects.
|
| 650 |
|
0 |
|a Climatic changes
|x Government policy.
|
| 650 |
|
0 |
|a Urban ecology (Sociology)
|
| 700 |
1 |
|
|a Betsill, Michele Merrill,
|d 1967-
|9 53460
|
| 830 |
|
|
|a Routledge studies in physical geography and environment ;
|v 4
|9 53461
|
| 852 |
4 |
|
|a Ayesha Abed Library
|j General shelf.
|
| 942 |
|
|
|2 ddc
|c BK
|
| 999 |
|
|
|c 12671
|d 12671
|
| 952 |
|
|
|0 0
|1 0
|2 ddc
|4 0
|6 363_738745250000000_BUL
|7 0
|9 20904
|a IGS
|b IGS
|c GEN
|d 2012-08-02
|e Karim International
|g 3520.00
|l 1
|m 2
|o 363.73874525 BUL
|p 3010025791
|r 2014-06-09
|s 2013-02-14
|t 1
|w 0000-00-00
|y BK
|x Available
|